000 00860nas a2200289 4500
001 BR9800496
003 BR-BrBNA
005 20231205100715.0
007 ta
008 230509b bl.|||p| |||| 00| 00por d
040 _aBR-BrBNA
_bpor
_cBiblioteca Nacional de Agricultura
041 _a(Pt)
072 _aF01
100 1 _aPonzio, J.B.
100 1 _aSediyama, T.
100 1 _aRocha, V.S.
100 1 _aSediyama, C.S.
245 1 _aInfluencia do corte na fase reprodutiva sobre a rebrota e a producao de graos e de feno de cultivares de soja (Glycine max (L.)Merrill)
650 _aSoja
650 _aGrao
650 _aFeno
650 _aCorte
650 _aRebrota
773 0 _tRevista Ceres (Brazil)
_xISSN 0034-737X
_g(Jul-Aug 1997), v. 44(254) p. 432-444
_wBR9800496
909 _a202311
_bLúcia
_c55
_dLúcia Elande
942 _2AGRIS
_n0
_cANA
999 _c157588
_d157588